| 000 -LEADER |
| fixed length control field |
00281nam a2200121Ia 4500 |
| 008 - FIXED-LENGTH DATA ELEMENTS--GENERAL INFORMATION |
| fixed length control field |
260210s9999 xx 000 0 und d |
| 020 ## - INTERNATIONAL STANDARD BOOK NUMBER |
| International Standard Book Number |
9789881296979 |
| 100 ## - MAIN ENTRY--PERSONAL NAME |
| Personal name |
TONG JIALIN |
| 245 #0 - TITLE STATEMENT |
| Title |
INTERIOR LANDSCAPE |
| 260 ## - PUBLICATION, DISTRIBUTION, ETC. |
| Name of publisher, distributor, etc. |
DESIGN MEDIA PUB 2014 |
| 260 ## - PUBLICATION, DISTRIBUTION, ETC. |
| Date of publication, distribution, etc. |
2014 |
| 942 ## - ADDED ENTRY ELEMENTS (KOHA) |
| Koha item type |
B.Design |